|
|
|
|
| LEADER |
00000nam a22000007a 4500 |
| 005 |
20130122170230.0 |
| 007 |
cr|||| |||| |
| 008 |
130122e2012 bl |||||s|||| 00||0 por d |
| 020 |
|
|
|a 8580202140
|
| 035 |
|
|
|a 6778
|
| 040 |
|
|
|a vLex
|
| 090 |
|
|
|c 3580
|d 3580
|
| 100 |
1 |
0 |
|a Toazza, Gabriela Rubin
|
| 245 |
1 |
2 |
|a O Princp̕io da insignificńcia no Direito Penal Brasileiro
|h [Recurso electrn̤ico]
|
| 256 |
|
|
|a Servicio en ln̕ea
|
| 260 |
|
|
|a Sô Paulo :
|b Editora NELPA,
|c 2012
|
| 300 |
|
|
|a 1 Recurso electrn̤ico
|
| 650 |
0 |
4 |
|a Derecho penal
|z Brasil
|
| 740 |
|
|
|a vLex Libros (Servicio en ln̕ea)
|
| 856 |
|
|
|a Acceso restringido
|u http://www.vlex.com/source/6778
|
| 942 |
|
|
|c BOOK
|
| 999 |
|
0 |
|a Criminal law
|